| 000 | 00543nam a2200109Ia 4500 | ||
|---|---|---|---|
| 008 | 220216s9999 xx 000 0 und d | ||
| 100 | _aRaj S | ||
| 245 | 0 | _aSome basic concepts of meteorological processes and future analytical procedures in agrometeorology | |
| 260 | _bIn:Causes and Influences of Climate Change and Management of Weather for Sustainable Agiculture, 15 November-5 December 2006, College of Agriculture, G.B Pant University of Agriculture & Technology, Pantnagar, India. pp. 377-341. | ||
| 650 | _aAgrometeorology | ||
| 942 | _cBS | ||
| 999 |
_c48391 _d48391 |
||